Sanford and Son Characters - Statistics

General Stats
  • This quiz has been taken 34 times
  • The average score is 8 of 12
Answer Stats
Hint Answer % Correct
One of the main characters Fred
100%
Her ugliness Esther
89%
Has his own show named after him Grady
89%
The son of above Lamont
89%
"What's happenin pops?" Rollo
79%
The one with the goat Julio
74%
The husband of her ugliness Woody
68%
Can't keep a secret Bubba
63%
The fiancee of the first Donna
42%
Pepper Smitty
32%
Salt Hoppy
26%
Raymond C. Gordon Rodney
5%
No matching quizzes found
Score Distribution
Percent of People with Each Score
Percentile by Number Answered
Your Score History
You have not taken this quiz